Patología de la región umbilical en la infancia... / (Record no. 70816)

MARC details
000 -LEADER
campo de control de longitud fija 00672nam a2200193 i 4500
001 - NÚMERO DE CONTROL
campo de control 70816
003 - IDENTIFICADOR DE NÚMERO DE CONTROL
campo de control ES-MaACL
005 - FECHA Y HORA DE LA ÚLTIMA TRANSACCIÓN
campo de control 20251115063241.0
007 - CAMPO FIJO DE DESCRIPCIÓN FÍSICA--INFORMACIÓN GENERAL
campo de control de longitud fija t|
008 - DATOS DE LONGITUD FIJA--INFORMACIÓN GENERAL
campo de control de longitud fija 040803s1962 sp ||||1| spa d
100 1# - ENTRADA PRINCIPAL--NOMBRE DE PERSONA
Nombre de persona Garrido Lestache, Juan,
Fechas asociadas al nombre n. 1891
9 (RLIN) 55710
245 10 - MENCIÓN DEL TÍTULO
Título Patología de la región umbilical en la infancia... /
Mención de responsabilidad, etc. J. Garrido-Lestache Díaz.
260 ## - PUBLICACIÓN, DISTRIBUCIÓN, ETC.
Lugar de publicación, distribución, etc. Madrid :
Nombre del editor, distribuidor, etc. Librería Científico Médica Española,
Fecha de publicación, distribución, etc. 1962.
300 ## - DESCRIPCIÓN FÍSICA
Extensión 93 p., 3 lám. :
Otras características físicas il. ;
Dimensiones 21 cm.
490 1# - MENCIÓN DE SERIE
Mención de serie Cuadernos de pediatría quirúrgica
830 0# - PUNTO DE ACCESO ADICIONAL DE SERIE-TÍTULO UNIFORME
Título uniforme Cuadernos de pediatría quirúrgica
9 (RLIN) 231048
852 ## - LOCALIZACIÓN
Ubicación ES-MaACL
Número de control de estantería C-23659
Sublocalización o colección R.51317
Holdings
Estatus retirado Estado de pérdida Estado de daño No para préstamo Biblioteca de origen Biblioteca actual Ubicación en estantería Fecha de adquisición Fuente de adquisición Total de préstamos Signatura topográfica completa Código de barras Visto por última vez Precio de reemplazo Tipo de ítem Koha
        Biblioteca del Ateneo de Madrid Biblioteca del Ateneo de Madrid Depósito 2 17/01/2008     C-23659 1074157 23/02/2023 23/02/2023 Libro impreso